• 首页
  • 本馆介绍
  • 公告通知
  • 最新文献
  • 馆藏检索
  • 电子资源
  • 读者导购
  • 参考咨询
  • 我的图书馆
  • 登录
  • 详细信息显示
  • 放入我的书架
  • 预约/预借图书
  • 作者相关作品
  • 分类相关作品
  • 丛书相关作品
  • 出版社相关作品

书目信息

  • 表格格式
  • 工作单格式
  • 卡片格式
题名:
中文版AutoCAD 2002建筑设计培训教程
    
 
作者: ;导向科技 编著
分册:  
出版信息: 北京   人民邮电出版社  2003
页数: 318页
开本: 26cm
丛书名: 零点起飞电脑培训学校
单 册:
中图分类: TU204-39
科图分类:
主题词: 建筑制图--制图程序--教材 , 建筑制图 , 制图程序
电子资源:
ISBN: 978-7-115-10792-3
000 00960oam2 2200289 450
001 002366814
005 20100713022947.0
010    @a978-7-115-10792-3@dCNY28.00
100    @a20030529d2003 em y0chiy0120 ea
101 0  @achi
102    @aCN@b110000
105    @ay z 000yy
106    @ar
200 1  @a中文版AutoCAD 2002建筑设计培训教程@9Zhong Wen Ban A u t o C A D 2 0 0 2 Jian Zhu She Ji Pei Xun Jiao Cheng @f导向科技编著
210    @a北京@c人民邮电出版社@d2003
215    @a318页@d26cm
225 2  @a零点起飞电脑培训学校
330    @a本书以AutoCAD2002中文版为基础,结合建筑设计绘图的特点,讲述了AutoCAD2002在建筑及相关专业设计绘图中的应用。
461  0 @12001 @a零点起飞电脑培训学校
606 0  @a建筑制图@x制图程序@j教材
606 0  @a建筑制图
606 0  @a制图程序
610 0  @aAutoCAD
690    @aTU204-39@v4
711 02 @a导向科技@9dao xiang ke ji@4编著
801  0 @aCN@b91MARC@c20130904
905    @aBZT@dTU204-39@e2@f3@sTU204-39/2
    
    中文版AutoCAD 2002建筑设计培训教程/导向科技编著.-北京:人民邮电出版社,2003
    318页;26cm.-(零点起飞电脑培训学校)
    
    
    ISBN 978-7-115-10792-3:CNY28.00
    本书以AutoCAD2002中文版为基础,结合建筑设计绘图的特点,讲述了AutoCAD2002在建筑及相关专业设计绘图中的应用。
●
相关链接 在五车中查询图书 在当当中查询图书 在豆瓣中查询图书


正题名:中文版AutoCAD 2002建筑设计培训教程     索取号:TU204-39/2         预约/预借

序号 登录号 条形码 馆藏地/架位号 状态 备注
1 2000045920   2000045920   旧书回溯/ [索取号:TU204-39/2] 在馆    
2 2000068643   2000068643   旧书回溯/ [索取号:TU204-39/2] 在馆    
3 2000068644   2000068644   旧书回溯/ [索取号:TU204-39/2] 在馆    
山东省滨州职业学院图书馆 欢迎您!
大连网信软件有限公司© 版权所有